000 00613nam a22002297a 4500
999 _c4847
_d4847
001 4847
003 BD-JhCC
005 20171206092506.0
008 171204s1959 bg a|||| ||a| 000 0 eng d
035 _a(BD-JhCC)4847
040 _aBD-JhCC
_dBD-JhCC
041 _aeng
082 _a428
_bMAL 1959
100 _aMalley, Raymond O'
245 _aEnglish Three /
_cRaymond O' Malley And Dennys Thompson
260 _aLondon
_aMelbourne
_aToronto :
_bWilliam Heinemann LTD,
_c1959.
300 _a262 p. :
_c18 cm.
650 _aEnglish Grammar
700 _aThompson, Dennys
942 _2ddc
_cBK